| 000 | 00387nam a2200145Ia 4500 | ||
|---|---|---|---|
| 008 | 230917s9999||||xx |||||||||||||| ||und|| | ||
| 040 |
_e80797 _aMAIN |
||
| 041 | _aEnglish | ||
| 082 | _a346.03 W584T | ||
| 100 | _aWhite, G Edward | ||
| 245 | 0 | _aTort law in America: an intellectual history | |
| 260 |
_aNew York _bOxford University Press _c1980 |
||
| 300 | _axvi, 283 p. | ||
| 942 | _cBK | ||
| 999 |
_c203907 _d203907 |
||